Problems in electronics with solutions / (Record no. 13119)
[ view plain ]
| 000 -LEADER | |
|---|---|
| fixed length control field | 00955nam a2200289Ia 4500 |
| 001 - CONTROL NUMBER | |
| control field | 13119 |
| 003 - CONTROL NUMBER IDENTIFIER | |
| rucl marc code | BD-RjUL |
| 005 - DATE AND TIME OF LATEST TRANSACTION | |
| control field | 20211208235417.0 |
| 008 - FIXED-LENGTH DATA ELEMENTS--GENERAL INFORMATION | |
| fixed length control field | 140130s1961 enka b 001 0 eng d |
| 035 ## - SYSTEM CONTROL NUMBER | |
| System control number | (BD-RjUL)13169 |
| 040 ## - CATALOGING SOURCE | |
| Original cataloging agency | ORN |
| Transcribing agency | ORN |
| Modifying agency | UKM |
| -- | MYG |
| Language of cataloging | eng |
| 041 ## - LANGUAGE CODE | |
| Language code of text/sound track or separate title | eng |
| 082 04 - DEWEY DECIMAL CLASSIFICATION NUMBER | |
| Classification number | 621.381076 |
| Edition number | 18 |
| Author mark and year | BEP 1961 |
| 090 ## - LOCALLY ASSIGNED LC-TYPE CALL NUMBER (OCLC); LOCAL CALL NUMBER (OCLC) | |
| Classification number (OCLC) (R) ; Classification number, CALL (RLIN) (NR) | TK7815.B47x 1961 |
| 100 1# - MAIN ENTRY--PERSONAL NAME | |
| Personal name | Benson, F. A. |
| Fuller form of name | (Frank Atkinson), |
| Dates associated with a name | 1921- |
| 9 (RLIN) | 40868 |
| 245 10 - TITLE STATEMENT | |
| Title | Problems in electronics with solutions / |
| Statement of responsibility, etc. | F.A. Benson. |
| 250 ## - EDITION STATEMENT | |
| Edition statement | 2nd ed., rev. and enl. |
| 260 ## - PUBLICATION, DISTRIBUTION, ETC. (IMPRINT) | |
| Place of publication, distribution, etc. | London : |
| Name of publisher, distributor, etc. | E. & F.N. Spon Ltd., |
| Date of publication, distribution, etc. | 1961. |
| 300 ## - PHYSICAL DESCRIPTION | |
| Pagination | xvi, 249 p. : |
| Illustrations | ill. ; |
| Size | 23 cm. |
| 490 1# - SERIES STATEMENT | |
| Series statement | Spon electrical engineering books |
| 504 ## - BIBLIOGRAPHY, ETC. NOTE | |
| Bibliography, etc | Includes bibliographies and index. |
| 650 #0 - SUBJECT ADDED ENTRY--TOPICAL TERM | |
| Topical term or geographic name as entry element | Electronics |
| Form subdivision | Problems, exercises, etc. |
| 9 (RLIN) | 40869 |
| 830 #0 - SERIES ADDED ENTRY--UNIFORM TITLE | |
| Uniform title | Spon electrical engineering books. |
| 942 ## - ADDED ENTRY ELEMENTS (KOHA) | |
| Source of classification or shelving scheme | Dewey Decimal Classification |
| Koha item type | Books |
| 946 ## - LOCAL PROCESSING INFORMATION (OCLC) | |
| a | t |
| 949 #0 - LOCAL PROCESSING INFORMATION (OCLC) | |
| a | c |
| b | RSC |
| c | HDC |
| o | 0 |
| p | 39080024668276 |
| x | 15 |
| y | HDC ITEM |
| h | TK7815.B47x 1961 |
| Lost status | Source of classification or shelving scheme | Damaged status | Not for loan | Collection code | Permanent Location | Current Location | Shelving location | Date acquired | Source of acquisition | Cost, normal purchase price | Total Checkouts | Full call number | Date last seen | Copy number | Koha item type |
|---|---|---|---|---|---|---|---|---|---|---|---|---|---|---|---|
| Dewey Decimal Classification | Non-fiction | Central Library, University of Rajshahi | Central Library, University of Rajshahi | 17/05/1978 | ASIA PUB HOUSE BOMBAY | 10.00 | 621.381076 BEP 1961 | 30/01/2014 | C-2 | Books |